00850nam a22002417a 450000500170000001000150001702000260003202000180005803500140007603700130009008200130010324501430011626001010025927000720036030000200043250000280045265000220048065000400050270000130054270000170055570000170057270000190058920181020155412.0 aENG-124349 a9789380705101c250.00 a9789380705064 aEN-107881 bDBAD/PUB a305.568810aPopulation profile of scheduled castes in orissa /ced. by A.B.Ota; B.N. Mohanty [and] S.C Mohanty; compiled by Sridhar Panda...[et...all] aBhubaneswar (Orisa)bSchedueld Castes and Scheduled Tribes Research and Training Institutec2011 aGoverment of Orissa, C.R.P.F. Square, bBhubaneswar (Orisa)e751003 a267p.c25cm(Hb) aIt includes references. aCities and towns. aCities and towns vPictorial works. aOta A.B. aMohanty B.N. aMohanty S.C. aPanda Sridhar